Cantons of Switzerland - Map Quiz - Statistics

General Stats
  • This quiz has been taken 413 times
  • The average score is 12 of 26
Answers on the Map
Answers color-coded by a green-red scale on the quiz's map according to % correct below.
 
Answer Stats
Answer % Correct
Geneva
87%
Bern
73%
Basel-Stadt
68%
Basel-Landschaft
65%
Ticino
61%
Zürich
59%
Valais
57%
Jura
56%
Fribourg
54%
Neuchâtel
54%
Vaud
54%
Graubünden
51%
Luzern
48%
St. Gallen
47%
Appenzell Innerrhoden
44%
Schaffhausen
42%
Appenzell Ausserrhoden
41%
Solothurn
41%
Aargau
35%
Nidwalden
31%
Uri
30%
Obwalden
28%
Thurgau
28%
Zug
28%
Schwyz
27%
Glarus
25%
No matching quizzes found
Score Distribution
Percent of People with Each Score
Percentile by Number Answered
Your Score History
You have not taken this quiz